[Event "Tenerife-chT Preferente"]
[Site "Tenerife"]
[Date "2025.02.01"]
[Round "7.1"]
[White "Molina Rodriguez, Borja"]
[Black "Perera Gonzalez, Pablo"]
[Result "1/2-1/2"]
[WhiteElo "2134"]
[BlackElo "2104"]
[PlyCount "33"]
[EventDate "2024.11.09"]
[EventType "team-tourn"]
[EventRounds "14"]
[EventCountry "ESP"]
[SourceTitle "CB14_2025"]
[SourceDate "2024.11.01"]
[SourceVersion "1"]
[SourceVersionDate "2024.11.01"]
[SourceQuality "1"]
[WhiteTeam "Los Realejos"]
[BlackTeam "Circulo de Amistad XII Enero"]
[WhiteTeamCountry "ESP"]
[BlackTeamCountry "ESP"]

1. e4 c5 2. Nf3 g6 3. d4 cxd4 4. Nxd4 Bg7 5. c4 Qb6 6. Nb3 Nc6 7. Be2 d6 8. 0-0 Qd8 9. Kh1 a5 10. a4 Nf6 11. Nc3 0-0 12. Be3 Nd7 13. Rc1 b6 14. Nd4 Bb7 15. Nxc6 Bxc6 16. f3 Nc5 17. b3 1/2-1/2

[Event "Titled Tuesday intern op 10th Sep Late"]
[Site "Chess,com INT"]
[Date "2024.09.10"]
[Round "7"]
[White "Dilmukhametov, Artur"]
[Black "Perera Gonzalez, Pablo"]
[Result "0-1"]
[WhiteElo "2276"]
[BlackElo "2104"]
[PlyCount "102"]
[EventDate "2024.09.10"]
[EventType "swiss (blitz)"]
[EventRounds "11"]
[EventCountry "USA"]
[SourceTitle "EXT 2025"]
[Source "ChessBase"]
[SourceDate "2024.10.14"]
[SourceVersion "1"]
[SourceVersionDate "2024.10.14"]
[SourceQuality "1"]

1. Nf3 Nf6 2. d4 d5 3. c4 dxc4 4. Nc3 a6 5. a4 Nc6 6. e3 e5 7. Nxe5 Nxe5 8. dxe5 Qxd1+ 9. Nxd1 Ng4 10. Bxc4 Nxe5 11. Bb3 Nd3+ 12. Kd2 Bf5 13. f3 0-0-0 14. e4 Nf2+ 15. Ke2 Nxh1 16. exf5 Bc5 17. Be3 Rhe8 18. Bxf7 Rxd1 19. Rxd1 Rxe3+ 20. Kf1 b6 21. Be6+ Kb7 22. Bd5+ Ka7 23. Be4 Nf2 24. Rd7 Nxe4 25. fxe4 Bd6 26. Rxg7 Rxe4 27. Rxh7 Rf4+ 28. Ke2 Rxf5 29. h4 Rf4 30. g3 Rxa4 31. Rg7 Be5 32. g4 Bxg7 33. g5 Rxh4 34. Kf3 Bxb2 35. Kg3 Rh7 36. Kg4 Rg7 37. Kf5 Rxg5+ 38. Kxg5 a5 39. Kf5 a4 40. Ke4 a3 41. Kd3 a2 42. Kc2 a1Q 43. Kb3 Qd1+ 44. Kxb2 Qd3 45. Ka2 Qb5 46. Ka1 Kb7 47. Ka2 Kc6 48. Ka1 Kc5 49. Ka2 Kc4 50. Ka1 Kc3 51. Ka2 Qb2# 0-1

[Event "Titled Tuesday intern op 10th Sep Late"]
[Site "Chess,com INT"]
[Date "2024.09.10"]
[Round "9"]
[White "Piddubna, Bozhena"]
[Black "Perera Gonzalez, Pablo"]
[Result "0-1"]
[WhiteElo "2176"]
[BlackElo "2104"]
[PlyCount "86"]
[EventDate "2024.09.10"]
[EventType "swiss (blitz)"]
[EventRounds "11"]
[EventCountry "USA"]
[SourceTitle "EXT 2025"]
[Source "ChessBase"]
[SourceDate "2024.10.14"]
[SourceVersion "1"]
[SourceVersionDate "2024.10.14"]
[SourceQuality "1"]

1. d4 d5 2. c4 dxc4 3. Nf3 Nf6 4. g3 b5 5. Bg2 Bb7 6. 0-0 a6 7. a4 e6 8. axb5 axb5 9. Rxa8 Bxa8 10. b3 Nbd7 11. bxc4 bxc4 12. Qa4 Bd5 13. Nc3 Qa8 14. Qb5 Bd6 15. Re1 0-0 16. Qb1 Rb8 17. Qc2 Bb4 18. Bd2 Bxc3 19. Bxc3 Ne4 20. Nh4 Nxc3 21. Qxc3 Bxg2 22. Nxg2 Nb6 23. e4 h6 24. Nf4 Rd8 25. Nh5 f6 26. Nf4 Qc8 27. d5 exd5 28. exd5 Qd7 29. Ng6 Re8 30. Rxe8+ Qxe8 31. Nf4 Qe5 32. Qd2 c3 33. Qd3 f5 34. Qb5 Qe1+ 35. Kg2 Qe4+ 36. f3 Qe7 37. Qc6 Qd7 38. Qxc3 Nxd5 39. Qc4 c6 40. Ng6 Kh7 41. Ne5 Qe6 42. Qxc6 Ne3+ 43. Kf2 Qxe5 0-1

[Event "Titled Tuesday intern op 10th Sep Late"]
[Site "Chess,com INT"]
[Date "2024.09.10"]
[Round "6"]
[White "Polanco Fernandez, Sahiean"]
[Black "Perera Gonzalez, Pablo"]
[Result "0-1"]
[WhiteElo "1879"]
[BlackElo "2104"]
[PlyCount "30"]
[EventDate "2024.09.10"]
[EventType "swiss (blitz)"]
[EventRounds "11"]
[EventCountry "USA"]
[SourceTitle "EXT 2025"]
[Source "ChessBase"]
[SourceDate "2024.10.14"]
[SourceVersion "1"]
[SourceVersionDate "2024.10.14"]
[SourceQuality "1"]

1. e4 e5 2. Nf3 Nc6 3. Bb5 a6 4. Bxc6 dxc6 5. 0-0 Bg4 6. h3 Bh5 7. g4 Bg6 8. Nxe5 Bd6 9. Nxg6 hxg6 10. d4 Rxh3 11. g5 Nh6 12. e5 Nf5 13. Qg4 Rh4 14. Qg2 Nxd4 15. exd6 Ne2# 0-1

[Event "Titled Tuesday intern op 10th Sep Late"]
[Site "Chess,com INT"]
[Date "2024.09.10"]
[Round "2"]
[White "Wisniacki, Flavio"]
[Black "Perera Gonzalez, Pablo"]
[Result "1-0"]
[WhiteElo "2268"]
[BlackElo "2104"]
[PlyCount "79"]
[EventDate "2024.09.10"]
[EventType "swiss (blitz)"]
[EventRounds "11"]
[EventCountry "USA"]
[SourceTitle "EXT 2025"]
[Source "ChessBase"]
[SourceDate "2024.10.14"]
[SourceVersion "1"]
[SourceVersionDate "2024.10.14"]
[SourceQuality "1"]

1. Nf3 Nf6 2. g3 g6 3. Bg2 Bg7 4. 0-0 0-0 5. b3 d6 6. d4 c5 7. Bb2 Ne4 8. e3 Nc6 9. Nbd2 Nxd2 10. Qxd2 Bg4 11. c3 Qa5 12. Rfd1 Rac8 13. h3 Bf5 14. c4 Be4 15. d5 Qxd2 16. Rxd2 Bxf3 17. Bxf3 Bxb2 18. Rxb2 Ne5 19. Be2 a6 20. f4 Nd7 21. e4 Rb8 22. a4 a5 23. Bg4 f5 24. exf5 gxf5 25. Bh5 Nf6 26. Bf3 Rf7 27. Re2 b6 28. Rae1 Kf8 29. Kg2 Rb7 30. g4 fxg4 31. hxg4 Rg7 32. Kh3 h6 33. Rg2 Kf7 34. g5 hxg5 35. fxg5 Nh7 36. g6+ Kf6 37. gxh7 Rxh7+ 38. Kg3 Rg7+ 39. Kf2 Rxg2+ 40. Bxg2 1-0

[Event "Tenerife-chT Preferente"]
[Site "Tenerife"]
[Date "2023.05.20"]
[Round "14"]
[White "Oudeh Mishmesh, Omar"]
[Black "Perera Gonzalez, Pablo"]
[Result "1-0"]
[WhiteElo "2192"]
[BlackElo "2125"]
[PlyCount "65"]
[EventDate "2023.01.14"]
[EventType "team-tourn"]
[EventRounds "14"]
[EventCountry "ESP"]
[SourceTitle "EXT 2024"]
[Source "ChessBase"]
[SourceDate "2023.10.10"]
[SourceVersion "1"]
[SourceVersionDate "2023.10.10"]
[SourceQuality "1"]
[WhiteTeam "Al Shah Mat Los Realejos"]
[BlackTeam "Circulo de Amistad XII Enero"]
[WhiteTeamCountry "ESP"]
[BlackTeamCountry "ESP"]

1. c4 e5 2. Nc3 Nf6 3. g3 Bb4 4. Bg2 0-0 5. e4 Bxc3 6. bxc3 c6 7. Nf3 Nxe4 8. 0-0 Re8 9. Re1 Nc5 10. Nxe5 d6 11. Ba3 dxe5 12. Bxc5 Na6 13. Be3 Be6 14. Qa4 f5 15. d4 e4 16. Red1 Nc7 17. Bf4 b5 18. Qa5 Rc8 19. cxb5 cxb5 20. Bxc7 Qxc7 21. Qxb5 Rb8 22. Qa6 Rb2 23. Rab1 Rxa2 24. Qb5 Rd8 25. Rdc1 a6 26. Qb4 Re8 27. c4 Rc8 28. d5 Bf7 29. d6 Qd7 30. c5 Bd5 31. Qd4 Bf7 32. c6 Qd8 33. d7 1-0

[Event "Tenerife-chT Preferente"]
[Site "Tenerife"]
[Date "2023.05.13"]
[Round "13"]
[White "Perera Gonzalez, Pablo"]
[Black "Perez Perez, Gabriel"]
[Result "1-0"]
[WhiteElo "2125"]
[BlackElo "2188"]
[PlyCount "55"]
[EventDate "2023.01.14"]
[EventType "team-tourn"]
[EventRounds "14"]
[EventCountry "ESP"]
[SourceTitle "EXT 2024"]
[Source "ChessBase"]
[SourceDate "2023.10.10"]
[SourceVersion "1"]
[SourceVersionDate "2023.10.10"]
[SourceQuality "1"]
[WhiteTeam "Circulo de Amistad XII Enero"]
[BlackTeam "Ebano Barrio Nuevo"]
[WhiteTeamCountry "ESP"]
[BlackTeamCountry "ESP"]

1. d4 d5 2. Bf4 Nf6 3. e3 c5 4. Nf3 Nc6 5. Nbd2 e6 6. c3 Nh5 7. Bg5 f6 8. Bh4 g6 9. Bd3 cxd4 10. exd4 Bd6 11. Bg3 Nf4 12. Bxf4 Bxf4 13. 0-0 0-0 14. g3 Bh6 15. Re1 Bg7 16. Qb3 Kh8 17. c4 Qd6 18. Bf1 b6 19. Rad1 Bd7 20. Bg2 Rac8 21. Qd3 Na5 22. b3 Qa3 23. cxd5 exd5 24. Nh4 Nc6 25. Bxd5 Qd6 26. Qe4 Nb4 27. Nxg6+ hxg6 28. Qh4+ 1-0

[Event "Tenerife-chT Preferente"]
[Site "Tenerife"]
[Date "2022.05.21"]
[Round "13.1"]
[White "Villagran Carrasco, Juan Carlos"]
[Black "Perera Gonzalez, Pablo"]
[Result "1-0"]
[WhiteElo "2081"]
[BlackElo "2210"]
[PlyCount "49"]
[EventDate "2022.01.29"]
[EventType "team-tourn"]
[EventRounds "14"]
[EventCountry "ESP"]
[SourceTitle "EXT 2024"]
[Source "ChessBase"]
[SourceDate "2023.10.10"]
[SourceVersion "1"]
[SourceVersionDate "2023.10.10"]
[SourceQuality "1"]
[WhiteTeam "Canarias 64"]
[BlackTeam "Circulo de Amistad XII Enero"]
[WhiteTeamCountry "ESP"]
[BlackTeamCountry "ESP"]

1. d4 Nf6 2. c4 g6 3. Nc3 d5 4. cxd5 Nxd5 5. e4 Nxc3 6. bxc3 Bg7 7. Bc4 c5 8. Ne2 0-0 9. Be3 Nc6 10. Rc1 cxd4 11. cxd4 Qa5+ 12. Rc3 e5 13. d5 b5 14. Bb3 Nd4 15. Bd2 Qb6 16. Nxd4 Qxd4 17. Qc2 f5 18. Be3 Qb4 19. Bc5 Qa5 20. Bxf8 Bxf8 21. 0-0 Bd7 22. d6+ Kh8 23. Rc7 Rd8 24. Qc5 Bg7 25. Rxa7 1-0

[Event "Tenerife-chT Preferente"]
[Site "Tenerife"]
[Date "2022.02.19"]
[Round "4.1"]
[White "Perera Gonzalez, Pablo"]
[Black "Mendivil Anton, Daniel"]
[Result "1/2-1/2"]
[WhiteElo "2210"]
[BlackElo "2191"]
[PlyCount "74"]
[EventDate "2022.01.29"]
[EventType "team-tourn"]
[EventRounds "14"]
[EventCountry "ESP"]
[SourceTitle "EXT 2024"]
[Source "ChessBase"]
[SourceDate "2023.10.10"]
[SourceVersion "1"]
[SourceVersionDate "2023.10.10"]
[SourceQuality "1"]
[WhiteTeam "Circulo de Amistad XII Enero"]
[BlackTeam "Al Shah Mat Los Realejos"]
[WhiteTeamCountry "ESP"]
[BlackTeamCountry "ESP"]

1. d4 e6 2. c4 f5 3. Nf3 Nf6 4. g3 d5 5. Bg2 c6 6. 0-0 Bd6 7. b3 Qe7 8. a4 a5 9. Ba3 Bxa3 10. Nxa3 0-0 11. Nc2 Nbd7 12. Nce1 dxc4 13. bxc4 e5 14. dxe5 Nxe5 15. Nxe5 Qxe5 16. Nd3 Qe7 17. Qc2 Ne4 18. Rab1 Be6 19. Nf4 Nc5 20. Rfd1 g5 21. Nxe6 Qxe6 22. Rd4 Qe5 23. Rbd1 Rae8 24. e3 f4 25. exf4 gxf4 26. Rxf4 Rxf4 27. gxf4 Qxf4 28. Qc3 Nxa4 29. Qxa5 Nb2 30. Rd8 Rxd8 31. Qxd8+ Kf7 32. Qd7+ Kf6 33. Qxh7 Qc1+ 34. Bf1 Qg5+ 35. Bg2 Qc1+ 36. Bf1 Qg5+ 37. Bg2 Qc1+ 1/2-1/2

[Event "Tenerife-chT Preferente"]
[Site "Tenerife"]
[Date "2022.01.29"]
[Round "1.1"]
[White "Perera Gonzalez, Pablo"]
[Black "Kohlmann, Robert"]
[Result "0-1"]
[WhiteElo "2210"]
[BlackElo "2055"]
[PlyCount "100"]
[EventDate "2022.01.29"]
[EventType "team-tourn"]
[EventRounds "14"]
[EventCountry "ESP"]
[SourceTitle "EXT 2024"]
[Source "ChessBase"]
[SourceDate "2023.10.10"]
[SourceVersion "1"]
[SourceVersionDate "2023.10.10"]
[SourceQuality "1"]
[WhiteTeam "Circulo de Amistad XII Enero"]
[BlackTeam "Rey Ahogado"]
[WhiteTeamCountry "ESP"]
[BlackTeamCountry "ESP"]

1. d4 g6 2. c4 Bg7 3. Nf3 Nf6 4. Nc3 d6 5. g3 0-0 6. Bg2 Nc6 7. 0-0 a6 8. b3 Rb8 9. d5 Na5 10. Bg5 c5 11. dxc6 Nxc6 12. Rc1 h6 13. Bd2 e5 14. Ne1 Be6 15. Nd5 Kh7 16. Nc2 Qd7 17. Bc3 Rfd8 18. Nxf6+ Bxf6 19. Ne3 Bg7 20. Qd2 Bh3 21. Nd5 Bxg2 22. Kxg2 f5 23. e3 b5 24. Rcd1 Qb7 25. Kg1 b4 26. Bb2 e4 27. Bd4 Be5 28. Qc2 Qg7 29. Qd2 Rd7 30. Kh1 a5 31. Rg1 Rf8 32. Nf4 Qf7 33. Qb2 g5 34. Nd5 Qh5 35. Rge1 f4 36. Qe2 f3 37. Qc2 Qg6 38. c5 Qf5 39. Bxe5 Nxe5 40. Rg1 dxc5 41. Qxc5 Nd3 42. Rxd3 exd3 43. e4 Rxd5 44. exd5 Rf7 45. Qd4 Rd7 46. d6 Qg6 47. Re1 Rxd6 48. Re7+ Kg8 49. Qc4+ Kf8 50. Ra7 Qe8 0-1

[Event "ESP-chT 1st div South"]
[Site "Santa Cruz de Tenerife"]
[Date "2006.08.24"]
[Round "3"]
[White "Perera Gonzalez, Pablo"]
[Black "Morales Camacho, Julian"]
[Result "1/2-1/2"]
[WhiteElo "2230"]
[BlackElo "2221"]
[PlyCount "120"]
[EventDate "2006.08.23"]
[EventType "team-tourn"]
[EventRounds "5"]
[EventCountry "ESP"]
[SourceTitle "CBM 113 Extra"]
[Source "ChessBase"]
[SourceDate "2006.09.14"]
[SourceVersion "1"]
[SourceVersionDate "2006.09.14"]
[SourceQuality "1"]

1. Nf3 g6 2. c4 Nf6 3. Nc3 Bg7 4. d4 0-0 5. g3 d6 6. Bg2 c6 7. 0-0 Bf5 8. Nh4 Bd7 9. e4 Na6 10. h3 e5 11. Nf3 Re8 12. Be3 exd4 13. Nxd4 Nc5 14. Qc2 Qe7 15. Bg5 h6 16. Bxf6 Qxf6 17. Rad1 Rad8 18. Nb3 Nxb3 19. Qxb3 Bc8 20. Rd2 h5 21. h4 Qe7 22. Re1 Qc7 23. Qc2 Be6 24. b3 Qa5 25. Ne2 Bg4 26. f3 Qc5+ 27. Kh2 Bxf3 28. Red1 Bxg2 29. Kxg2 Bh6 30. Rd4 Bg7 31. R4d2 a5 32. Nf4 Bh6 33. Rf2 Qe5 34. Re1 Bg7 35. Qe2 Re7 36. Qf3 Rde8 37. Nh3 Bh6 38. Rfe2 Bg7 39. Rf1 d5 40. cxd5 cxd5 41. Nf2 f5 42. Qd3 fxe4 43. Qb5 d4 44. Qc4+ Qe6 45. Qb5 Qd6 46. Rfe1 e3 47. Nd3 Qc6+ 48. Qxc6 bxc6 49. Rc1 Re6 50. Rc5 Ra8 51. Nf4 Rd6 52. Nd3 Bf8 53. Rc4 Ra6 54. Re1 Bg7 55. Rf1 Rb6 56. Kf3 Rf6+ 57. Ke2 Rxf1 58. Kxf1 Kf7 59. Ke2 Bf6 60. Ra4 Rb5 1/2-1/2

[Event "ESP-chT 1st div South"]
[Site "Santa Cruz de Tenerife"]
[Date "2006.08.23"]
[Round "1"]
[White "Perera Gonzalez, Pablo"]
[Black "Vega Gutierrez, Sabrina Neide"]
[Result "0-1"]
[WhiteElo "2230"]
[BlackElo "2282"]
[PlyCount "126"]
[EventDate "2006.08.23"]
[EventType "team-tourn"]
[EventRounds "5"]
[EventCountry "ESP"]
[SourceTitle "CBM 113 Extra"]
[Source "ChessBase"]
[SourceDate "2006.09.14"]
[SourceVersion "1"]
[SourceVersionDate "2006.09.14"]
[SourceQuality "1"]

1. Nf3 d5 2. d4 c6 3. c4 e6 4. g3 Nf6 5. Bg2 Nbd7 6. 0-0 Bd6 7. Nc3 0-0 8. b3 b6 9. cxd5 Nxd5 10. Bb2 Ba6 11. Nd2 Rc8 12. Re1 Nxc3 13. Bxc3 c5 14. Ne4 Be7 15. e3 f5 16. Nd2 cxd4 17. Bxd4 e5 18. Bb2 Nc5 19. b4 Nd3 20. Qb3+ Kh8 21. Red1 Nxb2 22. Qxb2 Be2 23. Re1 Bd3 24. Rac1 Qd6 25. a3 e4 26. Rxc8 Rxc8 27. Rc1 Rc7 28. Rxc7 Qxc7 29. Qb3 b5 30. Qf7 g6 31. h4 Bd6 32. Qd5 Bc4 33. Qa8+ Kg7 34. Qe8 a6 35. Qa8 Qb6 36. g4 Be6 37. gxf5 gxf5 38. Qe8 Bf8 39. h5 Qd6 40. Nf1 Bf7 41. Qc8 Qe6 42. Qb7 Bd6 43. Kh1 Be5 44. f4 exf3 45. Qxf3 Qf6 46. Bh3 f4 47. e4 Qh4 48. Qg2+ Kf6 49. h6 Qxh6 50. Nh2 Qg5 51. Ng4+ Ke7 52. Qf2 Ba1 53. e5 Kf8 54. Nf6 Kg7 55. Ne4 Qxe5 56. Nd2 Bd4 57. Qg2+ Kh6 58. Qc6+ Bg6 59. Bg2 Qe1+ 60. Nf1 Qf2 61. Kh2 Be5 62. Kh3 Kg5 63. Qf3 Qh4# 0-1

[Event "Isla de La Palma U2300 op"]
[Site "Isla de la Palma"]
[Date "2005.06.07"]
[Round "5.2"]
[White "Perera Gonzalez, Pablo"]
[Black "Pinto Henriquez, Rodrigo"]
[Result "1/2-1/2"]
[WhiteElo "2211"]
[BlackElo "2221"]
[PlyCount "157"]
[EventDate "2005.06.03"]
[EventType "swiss"]
[EventRounds "9"]
[EventCountry "ESP"]
[SourceTitle "EXT 2024"]
[Source "ChessBase"]
[SourceDate "2023.10.10"]
[SourceVersion "1"]
[SourceVersionDate "2023.10.10"]
[SourceQuality "1"]

1. Nf3 d5 2. d4 Nf6 3. c4 c6 4. Nc3 e6 5. Bg5 h6 6. Bh4 dxc4 7. e4 g5 8. Bg3 b5 9. Be2 Bb7 10. 0-0 Nbd7 11. d5 cxd5 12. exd5 Nxd5 13. Nxb5 N5b6 14. Ne5 Be7 15. Bh5 0-0 16. Nd4 Nf6 17. Ndc6 Qe8 18. Nxe7+ Qxe7 19. f4 Rad8 20. Qe2 Nxh5 21. Qxh5 Rd2 22. Rf2 Rxf2 23. Bxf2 Qf6 24. Rf1 gxf4 25. Bh4 Qg7 26. g3 f3 27. Nxf3 Qg6 28. Qe5 Qe4 29. Qh5 Qe3+ 30. Kg2 Nd7 31. Qg4+ Kh7 32. Kh3 f5 33. Qh5 Bxf3 34. Rxf3 Qc1 35. Be7 Nf6 36. Bxf6 Rxf6 37. Ra3 Qf1+ 38. Kh4 Qf2 39. Kh3 Rg6 40. Qd1 Rg7 41. Ra6 Qe3 42. Rd6 Qe4 43. Rd4 Qc6 44. Qd2 Qf3 45. Rf4 Qd3 46. Qxd3 cxd3 47. Rd4 e5 48. Rxd3 e4 49. Rd5 Kg6 50. Kg2 Rc7 51. Rd2 Kf6 52. Kf2 Ke5 53. Ke3 h5 54. h4 Rg7 55. Kf2 e3+ 56. Kxe3 Rxg3+ 57. Kf2 Rh3 58. Rd7 Rxh4 59. Rxa7 Rh2+ 60. Kg3 Rxb2 61. Ra5+ Kf6 62. Kh4 Rh2+ 63. Kg3 Rh1 64. Ra8 h4+ 65. Kg2 Rc1 66. Kh3 Rc4 67. a4 Kg5 68. Rg8+ Kf4 69. a5 Ra4 70. Ra8 Kf3 71. a6 f4 72. a7 Ra1 73. Kxh4 Ra5 74. Rb8 Rxa7 75. Rb3+ Ke4 76. Rb4+ Kf5 77. Rb5+ Ke6 78. Kg4 Ra4 79. Kf3 1/2-1/2

[Event "Tenerife-chT"]
[Site "Tenerife"]
[Date "2005.02.12"]
[Round "4"]
[White "Perera Gonzalez, Pablo"]
[Black "Todorcevic, Miodrag"]
[Result "0-1"]
[WhiteElo "2211"]
[BlackElo "2476"]
[PlyCount "68"]
[EventDate "2005.01.15"]
[EventType "team-tourn"]
[EventRounds "12"]
[EventCountry "ESP"]
[SourceTitle "EXT 2006"]
[Source "ChessBase"]
[SourceDate "2005.11.24"]
[SourceVersion "1"]
[SourceVersionDate "2005.11.24"]
[SourceQuality "1"]

1. Nf3 Nf6 2. c4 g6 3. Nc3 Bg7 4. e4 d6 5. d4 0-0 6. Be2 Bg4 7. Be3 Nc6 8. d5 Bxf3 9. Bxf3 Ne5 10. Be2 c6 11. f4 Ned7 12. 0-0 cxd5 13. cxd5 Rc8 14. Bf3 Nb6 15. Bd4 Rc4 16. Rc1 Ne8 17. Bxg7 Nxg7 18. b3 Rc5 19. Qd3 Nd7 20. Qe3 a6 21. Na4 Rxc1 22. Rxc1 b5 23. Nb2 f5 24. Nd3 fxe4 25. Bxe4 Nf6 26. Nb4 Ng4 27. Qa7 Qa5 28. Nc6 Qd2 29. Nxe7+ Kh8 30. Rf1 Re8 31. h3 Qe3+ 32. Qxe3 Nxe3 33. f5 Nxf1 34. f6 Ng3 0-1

[Event "Santa Cruz de Tenerife op"]
[Site "Santa Cruz de Tenerife"]
[Date "2003.12.22"]
[Round "3"]
[White "Kraus, Oliver"]
[Black "Perera Gonzalez, Pablo"]
[Result "1-0"]
[WhiteElo "2037"]
[BlackElo "2227"]
[PlyCount "125"]
[EventDate "2003.12.19"]
[EventType "swiss"]
[EventRounds "9"]
[EventCountry "ESP"]
[SourceTitle "EXT 2005"]
[Source "ChessBase"]
[SourceDate "2004.11.15"]
[SourceVersion "1"]
[SourceVersionDate "2004.11.15"]
[SourceQuality "1"]

1. Nf3 Nf6 2. c4 c5 3. g3 b6 4. Bg2 Bb7 5. 0-0 e6 6. Nc3 Be7 7. Re1 d5 8. cxd5 Nxd5 9. e4 Nxc3 10. bxc3 0-0 11. d4 Nc6 12. Bf4 cxd4 13. cxd4 Bf6 14. Rc1 Re8 15. d5 exd5 16. exd5 Rxe1+ 17. Qxe1 Qxd5 18. Ne5 Qxg2+ 19. Kxg2 Nxe5+ 20. Kh3 Nd3 21. Qd2 Rd8 22. Rc7 Be4 23. Bg5 Bf5+ 24. Kg2 Re8 25. Bxf6 Ne1+ 26. Kh1 gxf6 27. Rc3 Be4+ 28. f3 Ba8 29. Qd7 Rf8 30. Rc8 Bxf3+ 31. Kg1 Be4 32. Rxf8+ Kxf8 33. Qxa7 Nf3+ 34. Kf2 b5 35. Qb8+ Kg7 36. Qxb5 Ne5 37. a4 Bc6 38. Qa6 Bd7 39. a5 Ng4+ 40. Ke2 Ne5 41. Qb6 Bg4+ 42. Ke1 Nf3+ 43. Kf2 Nxh2 44. a6 Bf3 45. Qb7 Bxb7 46. axb7 Ng4+ 47. Ke2 Ne5 48. b8Q Ng6 49. Ke3 Ne7 50. Qd8 Ng6 51. Ke4 h5 52. Kf5 h4 53. Qxf6+ Kg8 54. gxh4 Nf8 55. h5 Nh7 56. Qh6 Kh8 57. Ke5 Kg8 58. Kd6 Kh8 59. Ke7 Kg8 60. Qf4 f6 61. Qf5 Kg7 62. Qg6+ Kh8 63. h6 1-0

[Event "Tenerife-ch"]
[Site "Tenerife"]
[Date "2003.02.26"]
[Round "8.3"]
[White "Perera Gonzalez, Pablo"]
[Black "Hidalgo Santana, Fernando"]
[Result "1/2-1/2"]
[WhiteElo "2269"]
[BlackElo "2266"]
[PlyCount "73"]
[EventDate "2003.02.28"]
[EventType "swiss"]
[EventRounds "9"]
[EventCountry "ESP"]
[SourceTitle "CBM 093 Extra"]
[Source "ChessBase"]
[SourceDate "2003.05.09"]
[SourceVersion "1"]
[SourceVersionDate "2003.05.09"]
[SourceQuality "1"]

1. d4 f5 2. Nf3 Nf6 3. g3 g6 4. Bg2 Bg7 5. 0-0 0-0 6. c4 d6 7. Nc3 Qe8 8. d5 Na6 9. Rb1 c6 10. dxc6 bxc6 11. Nd4 Bd7 12. b4 c5 13. bxc5 dxc5 14. Ndb5 Bc6 15. Bxc6 Qxc6 16. Nd5 Nxd5 17. cxd5 Qd7 18. Qb3 Rfc8 19. Qc4 Rab8 20. Bf4 Rb6 21. Rfd1 Nb4 22. d6+ e6 23. Nc7 Kf7 24. a3 Nc6 25. Qxc5 Nd4 26. Rxb6 Nxe2+ 27. Kf1 axb6 28. Qb5 Rxc7 29. Qxe2 Rc5 30. Qe3 Bf6 31. Kg1 Qa4 32. Qf3 Qc6 33. Qxc6 Rxc6 34. d7 g5 35. Be3 Bd8 36. h4 h6 37. hxg5 1/2-1/2